Culture Générale - Série 743 - Statistiques

Statistiques générales
  • Ce quiz a été pris 236 fois
  • Le résultat moyen est 7 sur 10
Statistiques - réponses
Question Réponse % Correct
Quel dirigeant soviétique, successeur de Lénine, était surnommé "le petit père des peuples" ? Joseph Staline
97%
Les petits gâteaux secs en forme de languette arrondie sont les langues-de-... chat
96%
Quel est le prénom de l'ange gardien interprété par Mimie Mathy dans la série diffusée sur TF1 ? Joséphine
83%
Complétez le titre du film réalisé en 1975 par Henri Verneuil , "Peur sur ... la ville
80%
Complétez le titre du roman de Jonathan Swift, "Les voyages de ... Gulliver
74%
Sous quel sigle connaît-on : l'érythropoïétine, l'hormone qu'utilisent certains sportifs pour se doper ? E.P.O.
73%
Quel animal, réputé pour vivre dans le feu, était l'emblème de François Ier ? salamandre
67%
En 1532, quel empire est soumis par le conquistador Francisco Pizarro ? inca
65%
Quel réalisateur japonais a signé "Rashomon" en 1950 et "Kagemusha" en 1980 ? Akira Kurosawa
21%
Quel terme médical, à la fois nom et adjectif, désigne une femme n'ayant encore jamais accouché ? nullipare
7%
Aucun quiz correspondant
Distribution des résultats
% des personnes avec chaque résultat
Percentile par nombre de réponses
Votre historique - résultats
Vous n’avez pas pris ce quiz